Les rappeurs français les plus écoutés - Statistiques

Statistiques générales
  • Ce quiz a été pris 666 fois
  • Le résultat moyen est 6 sur 10
Statistiques - réponses
Nombres d'auditeurs mensuels Rappeurs % Correct
8,7 millions Jul
94%
4,5 millions Ninho
91%
3,4 millions SCH
67%
4,1 millions Niska
63%
5,1 millions Gazo
53%
3,7 millions PLK
47%
3,1 millions Tiakola
46%
5 millions Naps
43%
3,5 millions Koba LaD
40%
3,3 millions Orelsan
23%
Aucun quiz correspondant
Distribution des résultats
% des personnes avec chaque résultat
Percentile par nombre de réponses
Votre historique - résultats
Vous n’avez pas pris ce quiz